000 00528nam a22002177a 4500
003 UA-OsUOA
001 86995
007 ta
008 20120913b un ||||| |||| 00| 0 ukr d
100 _aОгнев А.
090 _bО - 38
942 _cBK
040 _aUA-OsUOA
_brus
_cUA-OsUOA
_dUA-OsUOA
245 _aРусский советский рассказ 50-70 х годов
300 _a208 с.
955 _a3
041 _arus
260 _aМ.
_bПросвещение
_c1978
650 7 _2UDC
999 _c373211
_d373211